American railroads (Record no. 39300)
[ view plain ]
| 000 -LEADER | |
|---|---|
| fixed length control field | 01413nam a2200373 a 4500 |
| 082 04 - DEWEY DECIMAL CLASSIFICATION NUMBER | |
| Classification number | 385/.0973 |
| 100 1# - MAIN ENTRY--AUTHOR NAME | |
| Personal name | Stover, John F. |
| 245 10 - TITLE STATEMENT | |
| Title | American railroads |
| 250 ## - EDITION STATEMENT | |
| Edition statement | 2nd ed. |
| 260 ## - PUBLICATION, DISTRIBUTION, ETC. (IMPRINT) | |
| Place of publication | Chicago, Ill. : |
| Name of publisher | University of Chicago Press, |
| Year of publication | 1997. |
| 300 ## - PHYSICAL DESCRIPTION | |
| Number of Pages | xviii, 306 p. : |
| Other physical details | ill., maps. |
| 490 1# - SERIES STATEMENT | |
| Series statement | The Chicago history of American civilization |
| 650 #0 - SUBJECT ADDED ENTRY--TOPICAL TERM | |
| Topical Term | Railroads |
| 856 40 - ELECTRONIC LOCATION AND ACCESS | |
| Uniform Resource Identifier | http://site.ebrary.com/lib/rucke/Doc?id=10230056 |
No items available.
